Los hijos del vidriero / (Registro nro. 8967)

Detalles MARC
000 -LIDER
fixed length control field 01264nam a22003737a 4500
001 - NÚMERO DE CONTROL
Identificador de número de control 00260
003 - IDENTIFICACDOR DE NÚMERO DE CONTROL
control field DO-SdBNP
005 - DATE AND TIME OF LATEST TRANSACTION
control field 20180219154214.0
007 - CAMPOS FIJOS DE DESCRIPCIÓN FÍSICA
fixed length control field 00260
008 - ELEMENTOS DE LONGITUD FIJA
fixed length control field 151023b 1988 sp a |||| 00| 0 spa d
020 ## - ISBN
International Standard Book Number 8434808595
040 ## - FUENTE DE CATALOGACIÓN
Agencia que crea de manera original el registro BPMSU
Idioma de catalogación spa
Agencia que realiza la transcripción BPMSU
041 17 - CÓDIGOS DE OBRAS TRADUCIDAS O EN VARIOS IDIOMAS
Código del idioma del texto/archivo de sonido o separata spa
092 ## - LOCALLY ASSIGNED DEWEY DECIMAL CALL NUMBER
Número de clasificación xxxx
Número de ítem (Cutter) xxxx
100 1# - ASIENTO PRINCIPAL -- NOMBRE PERSONAL
Nombre personal Gripe, María,
Fechas asociadas con el nombre 1923-2007.
240 10 - TITULO UNIFORME
Título uniforme Glasblasarns Barn /
245 10 - MENCIÓN DE TITULO
Título Los hijos del vidriero /
Mención de responsabilidad María Gripe ; traducción del inglés Julia D. Arnau ; ilustración Harald Gripe.
250 ## - MENCIÓN DE EDICION
Mención de edición 11 ed.
260 ## - PUBLICACIÓN, DISTRIBUCIÓN, ETC. (PIE DE IMPRENTA)
Lugar de publicación, distribución, etc Madrid :
Nombre del editor, distribuidor, etc. Ediciones S.M.,
Fecha de publicación, distribución, etc 1988
300 ## - DESCRIPCIÓN FÍSICA
Extensión 191 p. :
Otros detalles físicos il. ;
Dimensiones 19 cm.
490 1# - MENCIÓN DE SERIES
Mención de serie El barco de vapor
Volume/sequential designation 9
500 ## - NOTA GENERAL
Nota general Incluye datos biográficos de la autora en la solapa de la contracubierta.
500 ## - NOTA GENERAL
Nota general Decarado libro de interés infantil por el Ministerio de Cultura
521 ## - TARGET AUDIENCE NOTE
Target audience note A partir de 9 años.
586 ## - AWARDS NOTE
Awards note Premio Anderson 1974
586 ## - AWARDS NOTE
Awards note Premio nacional a la mejor labor editorial en literatura infantil y juvenil, 1982.
700 ## - ASIENTO SECUNDARIO -- NOMBRE PERSONAL
Nombre personal Arnau, Julia D.,
Mención de responsabilidad tr.
700 ## - ASIENTO SECUNDARIO -- NOMBRE PERSONAL
Nombre personal Gripe, Harald,
Mención de responsabilidad il.
830 ## - ASIENTO SECUNDARIO DE SERIE--TÍTULO UNIFORME
Título uniforme El barco de vapor ;
Número de la parte o sección de una obra 4
Información miscelánea Naranja
910 ## - VALIDACIÓN
Validación
942 ## - ADDED ENTRY ELEMENTS (KOHA)
Source of classification or shelving scheme Dewey Decimal Classification
Koha item type Libros
945 ## - INFORMACIÓN DE PROCESAMIENTO LOCAL
Información de procesamiento local Inventariado, 2018/ YL
956 ## - LOCAL ELECTRONIC LOCATION AND ACCESS (OCLC)
Nombre de host VMATEO
Método de acceso 10
Materiales especificados 20151130
Enlace BPMSU
Campo enlazado y núm. de secuencia 00151
Existencias
Withdrawn status Lost status Source of classification or shelving scheme Damaged status Not for loan Collection code Home library Current library Date acquired Source of acquisition Total Checkouts Barcode Date last seen Price effective from Koha item type
    Dewey Decimal Classification     Colección Infantil General Biblioteca Pública Metropolitana Salomé Ureña Biblioteca Pública Metropolitana Salomé Ureña 11/30/2015 FUNDI   BPMSU18020174 11/30/2015 11/30/2015 Libros